Cities in a world economy
Uloženo v:
| Hlavní autor: | |
|---|---|
| Médium: | Kniha |
| Jazyk: | angličtina |
| Vydáno: |
Thousand Oaks
SAGE Publications
2019
|
| Vydání: | 5a. ed |
| Témata: | |
| Tagy: |
Přidat tag
Žádné tagy, Buďte první, kdo vytvoří štítek k tomuto záznamu!
|
MARC
| LEADER | 00000cam a2200000 a 4500 | ||
|---|---|---|---|
| 001 | UCC7839 | ||
| 003 | CL-VaPUC | ||
| 008 | 190510e20190000us |||||||||||||||||eng|d | ||
| 020 | |a 9781506362618 | ||
| 082 | 0 | 4 | |a 333.337 |b SAS |2 21 |
| 100 | 0 | |a Sassen, Saskia |e author |9 602575 | |
| 245 | 1 | 0 | |a Cities in a world economy |
| 250 | |a 5a. ed | ||
| 300 | |a 413 p | ||
| 942 | |c BK | ||
| 945 | |d 20190510 15:30:00 |a dcastane | ||
| 260 | |a Thousand Oaks |b SAGE Publications |c 2019 | ||
| 650 | 0 | |a Economía urbana |9 320848 | |
| 650 | 0 | |a Zonas urbanas |9 337776 | |
| 650 | 7 | |a DESARROLLO URBANO |2 CL-VaPUC |9 602576 | |
| 650 | 0 | |a Ciudades |9 265474 | |
| 583 | |a last modification |c 20190510 15:30:00 |k Rodrigo Vera | ||
| 999 | |c 374388 |d 374386 | ||
| 952 | |0 0 |1 0 |3 erb |4 0 |6 333_337000000000000_SAS_2019 |7 0 |8 A |9 492899 |a BIBING |b BIBING |i 5547008 |o 333.337 SAS 2019 |p 5547008 |r 2025-01-20 |w 2019-11-24 |y BK |z Catalogado en:20190510 |k GEO | ||